000 01244nam a2200133Ia 4500
008 220615s9999||||xx |||||||||||||| ||und||
020 _a9783040000000
245 0 _aRemote Sensing of Hydro-Meteorology
546 _aEnglish[eng]
650 _aspatial downscaling||MODIS chlorophyll-a||sentinel-2A MSI||multiple polynomial regression||genetic programming||rainfall variability||Indian Ocean Dipole (IOD)||El Niño–Southern Oscillation (ENSO)||intentional statistical simulation||satellite-based precipitation||hydrological modeling||error propagation||monsoon-climate watershed||typhoon-induced rainfall||prediction||statistical model||fuzzy C-means clustering||China||remote sensing||integrated drought monitoring||meteorological drought||hydrological drought||agricultural drought||Bayesian principal component analysis (BPCA)||statistical simulation||extreme precipitation index||PERSIANN-CDR||KGE||linear trend||Huai River Basin||Indian Ocean Dipole mode||El Niño–Southern Oscillation||singular spectrum analysis||mutual information||non-stationarity of seasonal precipitation
700 _aLee, Joo-Heon||Kim, Jong-Suk||Jung, Young Hun||Sur, Chanyang
856 _uhttps://mdpi.com/books/pdfview/book/5096
942 _cEB
999 _c15619
_d15619